Recursive macroeconomic theory /

Մատենագիտական մանրամասներ
Հիմնական հեղինակ: Ljungqvist, Lars
Այլ հեղինակներ: Sargent, Thomas J.
Ձևաչափ: Գիրք
Լեզու:English
Հրապարակվել է: Cambridge, Mass. : MIT Press, c2004.
Հրատարակություն:Second edition.
Խորագրեր:
Classic Catalogue: View this record in Classic Catalogue
LEADER 02678nam a2200349 a 4500
001 0021548
003 BD-DhAAL
008 101206s2004 maua b 001 0 eng d
010 |a  2004054688 
020 |a 026212274X 
040 |a DLC  |c DLC  |d DLC  |d BD-DhAAL 
082 0 0 |a 339.0151135  |2 22 
100 1 |a Ljungqvist, Lars.  |9 59517 
245 1 0 |a Recursive macroeconomic theory /  |c Lars Ljungqvist, Thomas J. Sargent. 
250 |a Second edition. 
260 |a Cambridge, Mass. :  |b MIT Press,  |c c2004. 
300 |a xxxiv, 1082 p. :  |b ill. ;  |c 24 cm 
504 |a Includes bibliographical references (pages 1044-1071) and index. 
526 |a ESS  |x Haydory Akbar Ahmed Lecturer (Former) Department of Economics and Social Sciences BRAC University 
541 1 |e 0021548  |a Karim International 
650 0 |a Macroeconomics. 
650 0 |a Recursive functions.  |9 59518 
650 0 |a Statics and dynamics (Social sciences)  |9 59519 
700 1 |a Sargent, Thomas J.  |9 59520 
852 4 |a Ayesha Abed Library   |c General Stacks 
942 |2 ddc  |c BK 
999 |c 10165  |d 10165 
952 |0 0  |1 0  |2 ddc  |4 0  |6 339_015113500000000_LJU  |7 0  |9 13510  |a BRACUL  |b BRACUL  |c GEN  |d 2010-12-07  |e Karim International  |g 5850.00  |l 0  |o 339.0151135 LJU  |p 3010021548  |r 2010-12-07  |t 1  |v 11700.00  |w 2010-12-07  |y BK  |x Requisitioned by Haydory Akbar Ahmed (Lecturer (Former), Department of Economics and Social Sciences, BRAC University). 
952 |0 0  |1 0  |2 ddc  |4 0  |6 339_015113500000000_LJU  |7 0  |9 13511  |a BRACUL  |b BRACUL  |c GEN  |d 2010-12-07  |e Karim International  |g 5850.00  |l 0  |o 339.0151135 LJU  |p 3010021549  |r 2010-12-07  |t 2  |v 11700.00  |w 2010-12-07  |y BK  |x Requisitioned by Haydory Akbar Ahmed (Lecturer (Former), Department of Economics and Social Sciences, BRAC University). 
952 |0 0  |1 0  |2 ddc  |4 0  |6 339_015113500000000_LJU  |7 0  |9 13512  |a BRACUL  |b BRACUL  |c GEN  |d 2010-12-07  |e Karim International  |g 5850.00  |l 0  |o 339.0151135 LJU  |p 3010021550  |r 2010-12-07  |t 3  |v 11700.00  |w 2010-12-07  |y BK  |x Requisitioned by Haydory Akbar Ahmed (Lecturer (Former), Department of Economics and Social Sciences, BRAC University). 
952 |0 0  |1 0  |2 ddc  |4 0  |6 339_015113500000000_LJU  |7 0  |9 13513  |a BRACUL  |b BRACUL  |c GEN  |d 2010-12-07  |e Karim International  |g 5850.00  |l 1  |m 13  |o 339.0151135 LJU  |p 3010021551  |r 2013-05-21  |s 2013-02-16  |t 4  |v 11700.00  |w 2010-12-07  |y BK  |x Requisitioned by Haydory Akbar Ahmed (Lecturer (Former), Department of Economics and Social Sciences, BRAC University). 
952 |0 0  |1 0  |2 ddc  |4 0  |6 339_015113500000000_LJU  |7 0  |9 13514  |a BRACUL  |b BRACUL  |c GEN  |d 2010-12-07  |e Karim International  |g 5850.00  |l 1  |m 10  |o 339.0151135 LJU  |p 3010021552  |r 2015-03-20  |s 2014-04-08  |t 5  |v 11700.00  |w 2010-12-07  |y BK  |x Requisitioned by Haydory Akbar Ahmed (Lecturer (Former), Department of Economics and Social Sciences, BRAC University).